Asian Geography By Letter I - Picture Quiz - Statistics

General Stats
  • This quiz has been taken 592 times
  • The average score is 12 of 18
Answer Stats
Picture Hint Answer % Correct
(country) Iran
98%
(religion) Islam
98%
(country) Israel
98%
(country) Iraq
97%
(body of water) Indian Ocean
94%
(country) Indonesia
92%
(river) Indus
79%
(peninsula) Indochina
70%
(island) Iwo Jima
70%
(city) Istanbul
65%
(province) Inner Mongolia
62%
(city) Islamabad
61%
(oblast) Irkutsk
56%
(city) Incheon
54%
(city) Izmir
28%
(animal) {Irrawaddy} Dolphin
25%
(river) Irtysh
15%
(prefecture) Ibaraki
8%
No matching quizzes found
Score Distribution
Percent of People with Each Score
Percentile by Number Answered
Your Score History
You have not taken this quiz